[Event "European Blitz 2015"]
[Site "Minsk BLR"]
[Date "2015.12.18"]
[Round "5.21"]
[White "Inarkiev, Ernesto"]
[Black "Dolzhykova, Kateryna"]
[Result "1-0"]
[WhiteTitle "GM"]
[BlackTitle "WIM"]
[WhiteElo "2668"]
[BlackElo "2247"]
[WhiteFideId "4162722"]
[BlackFideId "14113414"]
[EventDate "2015.12.18"]
[EventType "swiss (blitz)"]

1. Nf3 Nf6 2. g3 g6 3. Bg2 Bg7 4. d4 d6 5. O-O O-O 6. Re1 Bf5 7. Nbd2 c6 8. e4
Bg4 9. h3 Bc8 10. Nf1 Na6 11. g4 Nc7 12. Ng3 Rb8 13. Be3 b5 14. Qd2 Re8 15. Bh6
Bh8 16. Rad1 a6 17. Ng5 Bb7 18. f4 c5 19. d5 c4 20. Qf2 Nd7 21. e5 Nc5 22. f5 f6
23. fxg6 hxg6 24. e6 Rf8 25. Nf7 Rxf7 26. exf7+ Kxf7 27. Be3 Na4 28. c3 Ne8 29.
h4 Qc8 30. Bf3 Nc5 31. h5 Nd3 32. hxg6+ Kf8 33. Qh2 Bg7 34. Nf5 Nxe1 35. Rxe1
Nc7 36. Bh6 Bxh6 37. Qxh6+ Ke8 38. Rxe7+ Kd8 39. Qf8+ 1-0

[Event "European Blitz 2015"]
[Site "Minsk BLR"]
[Date "2015.12.18"]
[Round "5.22"]
[White "Putka, Verners"]
[Black "Kulaots, Kaido"]
[Result "0-1"]
[BlackTitle "GM"]
[WhiteElo "2307"]
[BlackElo "2574"]
[WhiteFideId "11600659"]
[BlackFideId "4500261"]
[EventDate "2015.12.18"]
[EventType "swiss (blitz)"]

1. d4 Nf6 2. Nc3 d5 3. Bf4 g6 4. Qd2 Bg7 5. Bh6 O-O 6. O-O-O c5 7. Bxg7 Kxg7 8.
dxc5 Qa5 9. Kb1 Rd8 10. Ne4 Qxd2 11. Nxd2 Bf5 12. e3 Nbd7 13. Bd3 Bxd3 14. cxd3
Nxc5 15. d4 Nd3 16. Nh3 Ng4 17. Rdf1 Rac8 18. Nb3 h6 19. Nc1 Nxc1 20. Rxc1 g5
21. Rce1 Rc6 22. f3 Nf6 23. Nf2 Rdc8 24. Re2 e6 25. Nd3 Nd7 26. h4 a5 27. g4 Kf6
28. hxg5+ hxg5 29. Rh6+ Ke7 30. Rh7 Rg8 31. a3 Rcc8 32. Reh2 Nf6 33. R7h6 Nd7
34. Rh7 Nf6 35. R7h6 Nd7 36. Rc2 Rxc2 37. Kxc2 b6 38. Kd2 Kd6 39. Rh7 Ke7 40.
Ne5 Nxe5 41. dxe5 a4 42. Kd3 b5 43. Kc3 Rc8+ 44. Kd3 b4 45. axb4 Rc4 46. Rg7
Rxb4 47. Kc2 Rb3 48. Kd2 Rxb2+ 49. Kd3 a3 50. Rg8 a2 51. Ra8 Rf2 52. Ra7+ Kf8
53. Ra6 Kg7 54. Ra7 Kg6 55. Ra8 Rxf3 56. Rxa2 d4 57. Kxd4 Rg3 58. Ra8 Rxg4+ 59.
e4 Rg1 60. Rg8+ Kh5 61. Rg7 Rf1 62. Ke3 Kh4 63. Ke2 Rf4 64. Ke3 Kg4 65. Rh7 Kg3
66. Rg7 g4 67. Rg8 Rf3+ 68. Ke2 Rf2+ 69. Ke3 Rf3+ 70. Ke2 Kh3 71. Rg7 Rf4 72.
Ke3 Rf3+ 73. Ke2 Kg3 74. Kd2 Rf2+ 75. Ke3 Rf3+ 76. Ke2 Kh3 77. Rg8 Ra3 78. Rg7
Ra7 79. Kf2 Ra2+ 80. Ke3 g3 81. Kf3 Rf2+ 82. Ke3 Kg2 83. Rh7 Kg1 84. Rg7 g2 85.
Rh7 Kf1 0-1

[Event "European Blitz 2015"]
[Site "Minsk BLR"]
[Date "2015.12.18"]
[Round "5.23"]
[White "Popov, Valerij"]
[Black "Fargere, Francois"]
[Result "1-0"]
[WhiteTitle "GM"]
[BlackTitle "GM"]
[WhiteElo "2528"]
[BlackElo "2424"]
[WhiteFideId "4119410"]
[BlackFideId "615935"]
[EventDate "2015.12.18"]
[EventType "swiss (blitz)"]

1. Nf3 d5 2. c4 c6 3. e3 Nf6 4. Nc3 a6 5. b3 Bg4 6. h3 Bh5 7. Bb2 Nbd7 8. g4 Bg6
9. Nh4 e6 10. Nxg6 hxg6 11. Rc1 Bd6 12. d4 g5 13. Bg2 Qe7 14. O-O Rd8 15. c5 Bc7
16. f4 Nh7 17. Qd3 Ndf8 18. b4 Ng6 19. f5 Nh4 20. fxe6 Qxe6 21. e4 dxe4 22. Bxe4
Nf6 23. Rce1 Kf8 24. Bf5 Qxe1 25. Rxe1 g6 26. d5 Nxd5 27. Nxd5 Rxd5 28. Qc3 Rg8
29. Be4 Re5 30. Bh1 f6 31. Qd2 Rxe1+ 32. Qxe1 Kf7 33. Qf1 Re8 34. Qxf6+ 1-0

[Event "European Blitz 2015"]
[Site "Minsk BLR"]
[Date "2015.12.18"]
[Round "5.24"]
[White "Meribanov, Vitaly"]
[Black "Goganov, Aleksey"]
[Result "1-0"]
[WhiteTitle "IM"]
[BlackTitle "GM"]
[WhiteElo "2392"]
[BlackElo "2597"]
[WhiteFideId "13504363"]
[BlackFideId "24109959"]
[EventDate "2015.12.18"]
[EventType "swiss (blitz)"]

1. e4 e6 2. d4 d5 3. Nd2 c5 4. Ngf3 cxd4 5. Nxd4 Nf6 6. e5 Nfd7 7. f4 Nxe5 8.
Nxe6 Bxe6 9. fxe5 Bc5 10. Nf3 Nc6 11. Bg5 Qb6 12. Bd3 Qxb2 13. Rb1 Bb4+ 14. Ke2
Qa3 15. Rf1 O-O 16. Be3 Bg4 17. Kf2 Nxe5 18. Kg1 Bxf3 19. gxf3 Bc5 20. Bxc5
Qxc5+ 21. Kh1 b6 22. Rg1 g6 23. f4 Nxd3 24. Qxd3 Qc4 25. Qd2 Rfe8 26. Rg2 Qxa2
27. Rbg1 Qc4 28. f5 Qe4 29. fxg6 hxg6 30. Qg5 Re5 31. Qf6 Rae8 32. Rf1 Rf5 33.
Rxf5 Qxf5 34. Qxf5 Re1+ 1-0

[Event "European Blitz 2015"]
[Site "Minsk BLR"]
[Date "2015.12.18"]
[Round "5.25"]
[White "Motylev, Alexander"]
[Black "Savitskiy, Sergey"]
[Result "1-0"]
[WhiteTitle "GM"]
[BlackTitle "FM"]
[WhiteElo "2653"]
[BlackElo "2365"]
[WhiteFideId "4121830"]
[BlackFideId "24105660"]
[EventDate "2015.12.18"]
[EventType "swiss (blitz)"]

1. e4 c5 2. Nf3 Nc6 3. Bb5 d6 4. O-O Bd7 5. Re1 a6 6. Bf1 Bg4 7. c3 g6 8. h3
Bxf3 9. Qxf3 Bg7 10. a4 Nf6 11. Na3 O-O 12. Qd1 Nd7 13. Qb3 Rb8 14. d3 Qc7 15.
Be3 Rfc8 16. Red1 Qd8 17. d4 cxd4 18. cxd4 Qf8 19. Nc4 Bh6 20. a5 Bxe3 21. Qxe3
Rc7 22. h4 Rbc8 23. g3 Ncb8 24. b3 e6 25. d5 e5 26. Rac1 Qe7 27. b4 Nf6 28. Nb6
Rxc1 29. Rxc1 Rxc1 30. Qxc1 Qd8 31. f3 Nbd7 32. Qc8 Qxc8 33. Nxc8 Ne8 34. b5 Nc5
35. b6 Kf8 36. Kf2 Nb3 37. Bxa6 Nxa5 38. Bb5 Nb3 39. Bxe8 Kxe8 40. Nxd6+ 1-0

[Event "European Blitz 2015"]
[Site "Minsk BLR"]
[Date "2015.12.18"]
[Round "5.26"]
[White "Dzhangobegov, Vladimir"]
[Black "Landa, Konstantin"]
[Result "0-1"]
[WhiteTitle "FM"]
[BlackTitle "GM"]
[WhiteElo "2314"]
[BlackElo "2625"]
[WhiteFideId "4180984"]
[BlackFideId "4101685"]
[EventDate "2015.12.18"]
[EventType "swiss (blitz)"]

1. e4 c5 2. Nc3 a6 3. Nf3 e6 4. d4 cxd4 5. Nxd4 b5 6. Bd3 Qb6 7. Nf3 Nc6 8. O-O
Qb8 9. Re1 Bd6 10. Qe2 Ne5 11. Nxe5 Bxe5 12. g3 Bb7 13. a4 b4 14. Nd5 Nf6 15.
Nb6 Ra7 16. Nc4 O-O 17. Be3 Ra8 18. Nxe5 Qxe5 19. b3 d5 20. f4 Qc3 21. Bd2 Qc5+
22. Be3 Qc6 23. e5 d4 0-1

[Event "European Blitz 2015"]
[Site "Minsk BLR"]
[Date "2015.12.18"]
[Round "5.27"]
[White "Huzman, Alexander"]
[Black "Tokranovs, Dmitrijs"]
[Result "1-0"]
[WhiteTitle "GM"]
[WhiteElo "2581"]
[BlackElo "2179"]
[WhiteFideId "2803828"]
[BlackFideId "11603011"]
[EventDate "2015.12.18"]
[EventType "swiss (blitz)"]

1. Nf3 d5 2. d4 c6 3. c4 Nf6 4. e3 e6 5. Bd3 Nbd7 6. Nbd2 b6 7. e4 dxe4 8. Nxe4
Bb7 9. O-O Be7 10. Bf4 Nxe4 11. Bxe4 Nf6 12. Bc2 O-O 13. Qe2 c5 14. dxc5 Bxc5
15. Rad1 Qe7 16. Ne5 Rad8 17. h3 h6 18. b3 Ba8 19. Rxd8 Rxd8 20. Rd1 Rxd1+ 21.
Qxd1 Ne4 22. Bxe4 Bxe4 23. Qe2 Bb7 24. Nd3 Bd4 25. Be3 Qd6 26. Bxd4 Qxd4 27. Ne5
Be4 28. Ng4 Bb1 29. Ne3 Qa1 30. a4 Bc2+ 31. Kh2 Bxb3 32. Qd3 Qe5+ 33. g3 Bxa4
34. Ng4 Qf5 35. Qd8+ Kh7 36. Qc7 Bd1 37. Kg1 Bxg4 38. hxg4 Qxg4 39. Qxf7 Qxc4
40. Qxa7 b5 41. Qa6 Qd5 42. Qa5 Qd1+ 43. Kg2 Qb1 44. Qb6 b4 45. Qxe6 b3 46. g4
b2 47. Qb3 Qe4+ 1-0

[Event "European Blitz 2015"]
[Site "Minsk BLR"]
[Date "2015.12.18"]
[Round "5.28"]
[White "Vovk, Orest"]
[Black "Zubritskiy, Artyom"]
[Result "1/2-1/2"]
[BlackTitle "FM"]
[WhiteElo "2279"]
[BlackElo "2422"]
[WhiteFideId "14113490"]
[BlackFideId "4181247"]
[EventDate "2015.12.18"]
[EventType "swiss (blitz)"]

1. h4 d5 2. h5 e5 3. h6 Nxh6 4. d4 e4 5. Bxh6 gxh6 6. e3 c6 7. c4 Nd7 8. Nc3 Nf6
9. Qb3 a6 10. a4 Bg7 11. Nh3 O-O 12. Nf4 Be6 13. c5 Qc7 14. a5 Rae8 15. Be2 Bc8
16. Qb6 Qe7 17. O-O-O Nd7 18. Qc7 Qd8 19. Qxd8 Rxd8 20. Rh4 Nf6 21. Rdh1 Rde8
22. Kd2 Bd7 23. Na4 Kh8 24. Nb6 Bf5 25. Ra1 Re7 26. Rah1 Rg8 27. g3 Bg6 28. Nh5
Nxh5 29. Bxh5 Rf8 30. Bg4 f5 31. Be2 Ref7 32. Na4 Re7 33. Nb6 Ref7 34. Na4 Re7
35. R4h2 Ref7 36. Nc3 Rf6 37. Rh4 1/2-1/2

[Event "European Blitz 2015"]
[Site "Minsk BLR"]
[Date "2015.12.18"]
[Round "5.29"]
[White "Kovalev, Vladislav"]
[Black "Olhovik, Andrei"]
[Result "1-0"]
[WhiteTitle "GM"]
[WhiteElo "2546"]
[BlackElo "2308"]
[WhiteFideId "13504398"]
[BlackFideId "13507397"]
[EventDate "2015.12.18"]
[EventType "swiss (blitz)"]

1. d4 d5 2. Nc3 c6 3. e4 e6 4. Nf3 Nd7 5. Bd3 dxe4 6. Nxe4 Ngf6 7. Qe2 Be7 8.
Bd2 Nxe4 9. Bxe4 Nf6 10. Bd3 O-O 11. g4 c5 12. g5 Nd7 13. h4 cxd4 14. Qe4 g6 15.
h5 Nc5 16. Qh4 Nxd3+ 17. cxd3 h6 18. hxg6 fxg6 19. Qxh6 1-0

[Event "European Blitz 2015"]
[Site "Minsk BLR"]
[Date "2015.12.18"]
[Round "5.30"]
[White "Gritsenko, Nikolai"]
[Black "Rozum, Ivan"]
[Result "0-1"]
[WhiteTitle "FM"]
[BlackTitle "GM"]
[WhiteElo "2309"]
[BlackElo "2559"]
[WhiteFideId "14112493"]
[BlackFideId "24104272"]
[EventDate "2015.12.18"]
[EventType "swiss (blitz)"]

1. b3 e5 2. Bb2 Nc6 3. c4 g6 4. e3 Bg7 5. Nf3 d6 6. d4 e4 7. Nfd2 f5 8. Nc3 Nf6
9. d5 Ne5 10. Qc2 O-O 11. Be2 c5 12. dxc6 bxc6 13. O-O-O Qc7 14. Kb1 Be6 15. h3
a5 16. f4 exf3 17. gxf3 Ned7 18. f4 Nc5 19. Nf3 a4 20. b4 a3 21. bxc5 axb2 22.
Rxd6 Qa5 23. Ne5 Ne4 24. Na4 Nxc5 25. Rxe6 Nxe6 26. Nxb2 Bxe5 0-1

[Event "European Blitz 2015"]
[Site "Minsk BLR"]
[Date "2015.12.18"]
[Round "5.31"]
[White "Rozhko, Dmitry"]
[Black "Mikhalevski, Victor"]
[Result "1-0"]
[WhiteTitle "FM"]
[BlackTitle "GM"]
[WhiteElo "2313"]
[BlackElo "2535"]
[WhiteFideId "4150430"]
[BlackFideId "2801914"]
[EventDate "2015.12.18"]
[EventType "swiss (blitz)"]

1. d4 Nf6 2. Nf3 g6 3. Bg5 Bg7 4. Nbd2 O-O 5. c3 d5 6. e3 Nbd7 7. Be2 Re8 8. O-O
c6 9. a4 a5 10. b4 e5 11. Nb3 h6 12. Bxf6 Bxf6 13. Nxa5 Nb6 14. Nxe5 Bxe5 15.
dxe5 Rxe5 16. c4 Qc7 17. c5 Nd7 18. Nb3 Re7 19. Nd4 Nf6 20. Bf3 h5 21. h3 Bd7
22. Qc2 Qe5 23. b5 g5 24. Be2 g4 25. hxg4 hxg4 26. g3 Kg7 27. Kg2 Ree8 28. Rh1
Rh8 29. Rxh8 Rxh8 30. Rh1 Ra8 31. Rh4 Qg5 32. Bd3 Kg8 33. Bf5 Bxf5 34. Qxf5 Qxf5
35. Nxf5 Rxa4 36. bxc6 bxc6 37. Ne7+ Kg7 38. Nxc6 Rc4 39. Ne5 Rxc5 40. Nxg4 Ne4
41. Ne5 Rc2 42. Rf4 f6 43. Ng4 Kg6 44. Nh2 Ra2 45. g4 Rb2 46. Nf1 Ra2 47. Ng3
Nc3 48. Nf5 Ne4 49. Ne7+ Kg5 50. Nxd5 Nxf2 51. Rxf2 Ra5 52. Nxf6 Ra3 53. Rf3 Kh4
54. Ne4 Kxg4 55. Nf2+ Kg5 56. e4 Ra5 57. Kg3 Rb5 58. Nh3+ Kg6 59. Kf4 Rb4 60.
Nf2 Kf6 61. Nd3 Ra4 62. Ne5 Ke6 63. Rh3 Rb4 64. Rh6+ Ke7 65. Kf5 Rb1 66. Rh7+
Ke8 67. Ra7 Rb6 68. Ng6 Rb1 69. e5 Kd8 70. Kf6 Rf1+ 1-0

[Event "European Blitz 2015"]
[Site "Minsk BLR"]
[Date "2015.12.18"]
[Round "5.32"]
[White "Nazaretyan, Tigran"]
[Black "Shtembuliak, Evgeny"]
[Result "0-1"]
[BlackTitle "FM"]
[WhiteElo "2301"]
[BlackElo "2420"]
[WhiteFideId "24162345"]
[BlackFideId "14113325"]
[EventDate "2015.12.18"]
[EventType "swiss (blitz)"]

1. d4 Nf6 2. c4 d6 3. Nf3 g6 4. Nc3 Bf5 5. Ng5 Nc6 6. d5 Nb8 7. e4 Bc8 8. Be2
Bg7 9. f4 O-O 10. O-O h6 11. Nf3 c6 12. Kh1 cxd5 13. cxd5 Bg4 14. h3 Bxf3 15.
Bxf3 Nbd7 16. Be3 Qa5 17. a3 Rfc8 18. Qe2 Qd8 19. Rac1 Nb6 20. Nb5 Nfd7 21. Rxc8
Nxc8 22. Rc1 a6 23. Nd4 Ncb6 24. Bg4 Rc8 25. Rxc8 Qxc8 26. Bxd7 Nxd7 27. Qd3 Qc7
28. Bd2 Nc5 29. Qe3 Qb6 30. Bc3 Nb3 31. Nc2 Qxe3 32. Nxe3 Bxc3 33. bxc3 Nd2 34.
e5 Ne4 35. c4 Kf8 36. g4 Ke8 37. Kg2 Nc3 38. Kf3 Nb1 39. Nc2 Nd2+ 40. Ke2 Nxc4
41. Kd3 Nb6 42. Kd4 Kd7 43. Ne3 Na4 44. f5 dxe5+ 45. Kxe5 f6+ 46. Kd4 g5 47. Nc4
b5 48. Na5 Nb6 49. Nb3 Nc4 50. a4 Kd6 51. axb5 axb5 52. Nc5 Nd2 53. Nb7+ Kc7 54.
Nc5 Nf3+ 55. Kc3 Kd6 56. Nb7+ Kxd5 57. Nd8 Ng1 58. Nf7 Nxh3 59. Nxh6 Nf2 60. Kb4
Ke4 61. Kxb5 Kf4 62. Kc6 Nxg4 63. Ng8 Kxf5 64. Nxe7+ Ke4 65. Kc5 f5 66. Kc4 Ne3+ 0-1

[Event "European Blitz 2015"]
[Site "Minsk BLR"]
[Date "2015.12.18"]
[Round "5.33"]
[White "Naboka, Sergey"]
[Black "Potapov, Pavel"]
[Result "1/2-1/2"]
[WhiteTitle "FM"]
[BlackTitle "IM"]
[WhiteElo "2266"]
[BlackElo "2476"]
[WhiteFideId "14123452"]
[BlackFideId "4169786"]
[EventDate "2015.12.18"]
[EventType "swiss (blitz)"]

1. e4 d5 2. exd5 Qxd5 3. Nc3 Qd6 4. d4 Nf6 5. Nf3 g6 6. g3 Bg7 7. Bg2 Qa6 8. Bf4
c6 9. Qe2 O-O 10. Qxa6 Nxa6 11. a3 Bf5 12. O-O-O Rac8 13. Rhe1 Rfe8 14. h3 h5
15. Ne5 Nc7 16. f3 Ncd5 17. Bd2 Nxc3 18. Bxc3 Nd5 19. g4 Nxc3 20. bxc3 hxg4 21.
fxg4 Bxe5 22. Rxe5 Be6 23. Kb2 Kg7 24. Rde1 Red8 25. R5e3 Rd6 26. Bf1 c5 27. Rd1
Rcd8 28. Bg2 Kf8 29. Red3 c4 30. Re3 Bd5 31. Bxd5 Rxd5 32. Rde1 e6 33. Re5 Ke7
34. h4 a6 35. a4 b6 36. Ka3 Rxe5 37. Rxe5 Rh8 38. h5 f6 39. Re1 gxh5 40. gxh5
Rxh5 41. Rg1 Kf7 42. Rb1 b5 43. Kb4 Rd5 44. Rh1 Kg6 45. Rf1 Kf7 46. Rh1 Kg6 47.
Rg1+ Rg5 48. Re1 Kf7 49. Ka5 bxa4+ 50. Kb4 Rb5+ 51. Kxc4 f5 52. Ra1 f4 53. Kd3
Ra5 54. Ke4 a3 55. Ra2 Kf6 56. Kxf4 e5+ 57. dxe5+ Rxe5 58. Rxa3 Re6 59. Ra5 Ke7
60. Kf5 Rc6 61. Ke4 Rxc3 62. Rxa6 Rxc2 1/2-1/2

[Event "European Blitz 2015"]
[Site "Minsk BLR"]
[Date "2015.12.18"]
[Round "5.34"]
[White "Sharafiev, Azat"]
[Black "Chizhikov, Vladislav"]
[Result "1-0"]
[WhiteTitle "IM"]
[WhiteElo "2420"]
[BlackElo "2229"]
[WhiteFideId "4186214"]
[BlackFideId "4178157"]
[EventDate "2015.12.18"]
[EventType "swiss (blitz)"]

1. e4 e5 2. Nf3 d5 3. exd5 e4 4. Qe2 Nf6 5. Nc3 Be7 6. Nxe4 Nxd5 7. d3 O-O 8.
Qd1 Re8 9. Be2 f5 10. Nc3 Nxc3 11. bxc3 Bf6 12. d4 Qe7 13. Be3 Kh8 14. Qd3 Bd7
15. g3 Bc6 16. O-O Be4 17. Qd2 Nd7 18. Ng5 Bxg5 19. Bxg5 Qa3 20. f3 Bd5 21. Bd3
Nb6 22. Bxf5 Nc4 23. Qd3 Nb2 24. Qd2 Nc4 25. Qd3 Nb2 26. Bc1 Bc4 27. Qxc4 Nxc4
28. Bxa3 Nxa3 29. Bd3 b5 30. Rfe1 c6 31. Rxe8+ Rxe8 32. Kf2 Kg8 33. Re1 Rxe1 34.
Kxe1 Nb1 35. c4 b4 36. c5 Kf7 37. Bc4+ Kf6 38. Ke2 a5 39. Kd3 g5 40. f4 gxf4 41.
gxf4 Kf5 42. d5 cxd5 43. Bxd5 Nc3 44. Bg8 h5 45. c6 Nb5 46. Kc4 Nc7 47. Kc5 Kxf4
48. Kb6 Ne8 49. c7 Nd6 50. Kc5 Nc8 51. Be6 1-0

[Event "European Blitz 2015"]
[Site "Minsk BLR"]
[Date "2015.12.18"]
[Round "5.35"]
[White "Harshkou, Mikita"]
[Black "Stupak, Kirill"]
[Result "0-1"]
[BlackTitle "GM"]
[WhiteElo "2300"]
[BlackElo "2542"]
[WhiteFideId "13504770"]
[BlackFideId "13503758"]
[EventDate "2015.12.18"]
[EventType "swiss (blitz)"]

1. d4 g6 2. Nf3 Bg7 3. g3 d6 4. Bg2 e5 5. e4 Nc6 6. Be3 Bg4 7. d5 Nd4 8. Bxd4
exd4 9. Qd3 c5 10. dxc6 bxc6 11. Nbd2 c5 12. O-O Ne7 13. c3 dxc3 14. bxc3 O-O
15. Nc4 d5 16. exd5 Qxd5 17. Qxd5 Nxd5 18. Nfe5 Be6 19. Rad1 Nxc3 20. Rd3 Ne2+
21. Kh1 Rad8 22. Rfd1 Rxd3 23. Rxd3 Rb8 24. Bd5 Nd4 25. Bxe6 fxe6 26. Ra3 Rb7
27. Ra5 Bf8 28. Kg2 Kg7 29. Ra6 Kf6 30. Nc6 Nxc6 31. Rxc6 Rb4 32. Ne3 Ra4 33.
Nd5+ Ke5 34. Nc7 Rxa2 35. Rxe6+ Kd4 36. Rc6 Be7 37. Re6 Bf8 38. Re8 Bd6 39. Rd8
Ke5 40. Nb5 Be7 41. Rd7 Ke6 42. Rc7 a6 43. Na7 Bd6 44. Rxh7 c4 45. Nc6 Kd5 46.
Nd8 c3 0-1

[Event "European Blitz 2015"]
[Site "Minsk BLR"]
[Date "2015.12.18"]
[Round "5.36"]
[White "Harutjunyan, Gevorg"]
[Black "Pavlidis, Anastasios"]
[Result "1-0"]
[WhiteTitle "GM"]
[BlackTitle "IM"]
[WhiteElo "2436"]
[BlackElo "2410"]
[WhiteFideId "13300873"]
[BlackFideId "4208404"]
[EventDate "2015.12.18"]
[EventType "swiss (blitz)"]

1. e4 c5 2. Nf3 d6 3. d4 cxd4 4. Nxd4 Nf6 5. Nc3 g6 6. f4 Nbd7 7. Qe2 e5 8. Nf3
Bg7 9. Bd2 O-O 10. O-O-O Qa5 11. Kb1 Qb6 12. Be3 Qc6 13. Qb5 Qxb5 14. Bxb5 a6
15. Bxd7 Nxd7 16. Rxd6 exf4 17. Bxf4 Nc5 18. Be3 Bxc3 19. Bxc5 Bg7 20. Rhd1 Bg4
21. h3 Be6 22. Bd4 Bh6 23. Bf6 Rfe8 24. Rb6 Rab8 25. b3 Be3 26. Bd4 Bf4 27. Be5
Bxe5 28. Nxe5 Bxh3 29. Nd7 Bxd7 30. Rxd7 Rxe4 31. Rbxb7 Rxb7 32. Rxb7 Re2 33. c4
Rxg2 34. c5 Rg5 35. c6 Rc5 36. c7 Kg7 37. b4 Rc6 38. a4 h5 39. b5 axb5 40. axb5
Rc5 41. b6 h4 42. Rb8 h3 43. c8=Q h2 44. Qh8# 1-0

[Event "European Blitz 2015"]
[Site "Minsk BLR"]
[Date "2015.12.18"]
[Round "5.37"]
[White "Sivuk, Vitaly"]
[Black "Polivanov, Anatoliy"]
[Result "1-0"]
[WhiteTitle "GM"]
[BlackTitle "IM"]
[WhiteElo "2552"]
[BlackElo "2426"]
[WhiteFideId "14116502"]
[BlackFideId "14109468"]
[EventDate "2015.12.18"]
[EventType "swiss (blitz)"]

1. d4 g6 2. e4 Bg7 3. Nc3 d6 4. f4 a6 5. Nf3 b5 6. Bd3 Nd7 7. e5 Nh6 8. Ne4 Bb7
9. c3 O-O 10. Qe2 Nb6 11. O-O Qd7 12. Bd2 Rae8 13. Rae1 f5 14. Neg5 e6 15. b3
Nf7 16. Nxf7 Rxf7 17. Kh1 c5 18. dxc5 dxc5 19. Be3 Qc6 20. c4 b4 21. Qf2 Bf8 22.
Be2 Rd7 23. Ng5 h6 24. Bf3 Qc7 25. Bxb7 Qxb7 26. Nf3 Qc6 27. Rg1 Red8 28. h3 Rd3
29. Kh2 Be7 30. g4 Kf7 31. Rg3 Rg8 32. Reg1 fxg4 33. hxg4 Ke8 34. Ne1 Rd1 35.
Qf3 Qxf3 36. Nxf3 Rd3 37. Re1 a5 38. Kg2 a4 1-0

[Event "European Blitz 2015"]
[Site "Minsk BLR"]
[Date "2015.12.18"]
[Round "5.38"]
[White "Shevchenko, Kirill"]
[Black "Ladva, Ottomar"]
[Result "0-1"]
[WhiteTitle "FM"]
[BlackTitle "IM"]
[WhiteElo "2373"]
[BlackElo "2401"]
[WhiteFideId "14129574"]
[BlackFideId "4500024"]
[EventDate "2015.12.18"]
[EventType "swiss (blitz)"]

1. e4 c5 2. Nf3 e6 3. d4 cxd4 4. Nxd4 Nc6 5. Nc3 a6 6. Be3 Nf6 7. a3 Qc7 8. Be2
d6 9. f4 Be7 10. O-O O-O 11. Bf3 Bd7 12. Kh1 Nxd4 13. Bxd4 Bc6 14. Qe2 e5 15.
Be3 exf4 16. Bxf4 Nd7 17. Rad1 Rac8 18. Bg4 Rcd8 19. Bxd7 Qxd7 20. Nd5 Rfe8 21.
Qh5 Bf8 22. Bg5 Rb8 23. Qh4 Qe6 24. Nc7 Qxe4 25. Nxe8 Qxg2# 0-1

[Event "European Blitz 2015"]
[Site "Minsk BLR"]
[Date "2015.12.18"]
[Round "5.39"]
[White "Grishchenko, Sergey1"]
[Black "Lojko, Alexej"]
[Result "1-0"]
[WhiteTitle "IM"]
[WhiteElo "2442"]
[BlackElo "2214"]
[WhiteFideId "4136730"]
[BlackFideId "24146200"]
[EventDate "2015.12.18"]
[EventType "swiss (blitz)"]

1. d4 d5 2. c4 e6 3. Nc3 c5 4. cxd5 exd5 5. dxc5 d4 6. Na4 Bxc5 7. Nxc5 Qa5+ 8.
Bd2 Qxc5 9. Nf3 Nc6 10. Rc1 Qb6 11. e3 dxe3 12. Bxe3 Qb4+ 13. Bd2 Qe4+ 14. Be2
Nge7 15. O-O O-O 16. Re1 Qg6 17. Rc5 Rd8 18. Qa4 Qd6 19. Rcc1 Nd5 20. Qh4 h6 21.
Bd3 Nf6 22. Bb1 Bg4 23. Bc3 Bxf3 24. gxf3 Nd4 25. Kg2 Qd5 26. Be4 Nxe4 27. fxe4
Qe6 28. Rcd1 Nc6 29. f3 Rd7 30. Rxd7 Qxd7 31. Qg3 g6 32. Qf4 Qe6 33. Qxh6 Ne5
34. Rd1 Rc8 35. Qg5 f6 36. Qh6 Qa6 37. Rd2 Nc4 38. Qxg6+ Kf8 39. Bb4+ 1-0

[Event "European Blitz 2015"]
[Site "Minsk BLR"]
[Date "2015.12.18"]
[Round "5.40"]
[White "Antonov, Alexandr2"]
[Black "Shkapenko, Pavel"]
[Result "1-0"]
[BlackTitle "IM"]
[WhiteElo "2098"]
[BlackElo "2407"]
[WhiteFideId "24124079"]
[BlackFideId "4151933"]
[EventDate "2015.12.18"]
[EventType "swiss (blitz)"]

1. e4 Nf6 2. Nc3 e5 3. Nf3 Nc6 4. Bb5 Nd4 5. Bc4 Bc5 6. O-O d6 7. h3 c6 8. d3 b5
9. Bb3 a5 10. a3 Nxb3 11. cxb3 O-O 12. Ne2 Re8 13. Qc2 Bd7 14. Bg5 h6 15. Bd2
Bb6 16. b4 axb4 17. Bxb4 d5 18. Ng3 Rc8 19. Bc5 Bc7 20. b4 Be6 21. a4 bxa4 22.
Qxa4 Bb8 23. Rfd1 Nd7 24. exd5 Nxc5 25. bxc5 Bxd5 26. Nd2 Qg5 27. Nge4 Qg6 28.
Nf1 f5 29. Neg3 e4 30. dxe4 fxe4 31. Ra3 Bf4 32. Qd4 Rb8 33. Ne2 Be5 34. Qe3 Qf6
35. Nfg3 Bc7 36. Ra7 Rbc8 37. Rb1 Bb8 38. Rab7 Qe5 39. Rd7 Rc7 40. Rxc7 Bxc7 41.
Nd4 Rf8 42. Rb7 Ba5 43. Rb1 Bc7 44. Rb7 Rb8 45. Rxb8+ Bxb8 46. Nde2 Ba7 47. Qa3
Qe7 48. Nf5 Qxc5 49. Qb2 Qxf2+ 50. Kh1 Qxf5 51. Ng3 Qf7 52. Qa3 Bb8 53. Qa8 Qf1+
54. Nxf1 1-0

[Event "European Blitz 2015"]
[Site "Minsk BLR"]
[Date "2015.12.18"]
[Round "5.41"]
[White "Tukhaev, Adam"]
[Black "Sysolyatin, Evgeny"]
[Result "1-0"]
[WhiteTitle "GM"]
[BlackTitle "FM"]
[WhiteElo "2564"]
[BlackElo "2289"]
[WhiteFideId "14109476"]
[BlackFideId "4154916"]
[EventDate "2015.12.18"]
[EventType "swiss (blitz)"]

1. e4 e5 2. Nf3 Nc6 3. Bb5 a6 4. Ba4 Nf6 5. d3 b5 6. Bb3 Be7 7. O-O O-O 8. Re1
d6 9. c3 Bb7 10. Nbd2 Na5 11. Bc2 c5 12. Nf1 h6 13. Ng3 Re8 14. d4 cxd4 15. cxd4
Bf8 16. d5 Nc4 17. b3 Nb6 18. Bd3 b4 19. Bd2 a5 20. Bb5 Re7 21. Nf5 Rc7 22. Be3
Nbd7 23. Nd2 Nc5 24. Qf3 Nh7 25. Ng3 Ba6 26. Bc6 Bb7 27. Bxc5 dxc5 28. Bxb7 Rxb7
29. Nc4 f6 30. a4 bxa3 31. Rxa3 Ng5 32. Qd3 Nf7 33. Rea1 Rba7 34. Nf5 g6 35.
Nfe3 h5 36. Qc3 Bh6 37. Nc2 Nd6 38. Nxd6 Qxd6 39. Rxa5 Qb6 40. Rxa7 Rxa7 41.
Rxa7 Qxa7 42. g3 Bf8 43. Qc4 Bd6 44. Qb5 Qa2 45. Qe8+ Bf8 46. Qxg6+ Bg7 47. Ne3
Qxb3 48. Kg2 Qd3 49. d6 Qxd6 50. Qxg7+ Kxg7 51. Nf5+ 1-0